Statistics for Mal's "Walk the Coast of the Americas" from Venezuela going East

Click here to take the quiz!

General Stats

  • This quiz has been taken 822 times
    (808 since last reset)
  • The average score is 29 of 31

Answer Stats

HintAnswer% Correct
Venezuela - EGuyana
100%
ESuriname
100%
SWArgentina
98%
SEBrazil
98%
WChile
98%
NEcuador
98%
NWPeru
98%
SUruguay
97%
NColombia
96%
NWCosta Rica
96%
NWPanama
96%
WEl Salvador
95%
EFrench Guiana
95%
NHonduras
95%
NWMexico
95%
NNicaragua
95%
NUSA
95%
NCanada
94%
WGuatemala
93%
NWUSA
93%
SMexico
91%
ECanada
90%
SWUSA
90%
SWBelize
89%
SEPanama
89%
SEColombia
88%
SCosta Rica
88%
SGuatemala
88%
EHonduras
88%
SNicaragua
88%
SWVenezuela
88%

Score Distribution

Percentile by Number Answered

Percent of People with Each Score

Your Score History

You have not taken this quiz since the last reset